[Event "New Zealand Rapid Championship"]
[Site "Palmerston North"]
[Date "2024.01.12"]
[Round "6.5"]
[White "Young, Cohen"]
[Black "Hookings, Jonathon"]
[Result "1-0"]
[WhiteElo "1885"]
[BlackElo "1278"]

1. e4 c6 2. Nc3 d5 3. Nf3 Bg4 4. h3 Bxf3 5. Qxf3 e6 6. d3 Nd7 7. Bd2 Qc7 8.
O-O-O Ngf6 9. g4 Ne5 10. Qg3 Bd6 11. f4 Ng6 12. e5 Nxe5 13. fxe5 Bxe5 14. Qf3
O-O-O 15. Ne2 Qb6 16. d4 Bxd4 17. Nxd4 Qxd4 18. Bd3 h6 19. Kb1 Rde8 20. Bc3 Qc5
21. Bxf6 gxf6 22. Qxf6 e5 23. Bf5+ Kb8 24. Qxf7 e4 25. Qg7 a6 26. Qd4 Qd6 27.
Bxe4 1-0

[Event "New Zealand Rapid Championship"]
[Site "Palmerston North"]
[Date "2024.01.12"]
[Round "6.6"]
[White "Steadman, Michael V R"]
[Black "McConnell, Jack"]
[Result "1-0"]
[WhiteElo "2045"]
[BlackElo "1550"]

1. e4 c5 2. Nf3 Nc6 3. Bb5 g6 4. Bxc6 dxc6 5. d3 Bg7 6. O-O Nf6 7. Nc3 Nd7 8.
Be3 e5 9. Qd2 Qe7 10. a4 Nf8 11. Ne2 Ne6 12. c3 O-O 13. h3 Rd8 14. Rad1 c4 15.
Qc2 cxd3 16. Rxd3 b6 17. Rxd8+ Nxd8 18. a5 c5 19. Ra1 Bb7 20. axb6 axb6 21.
Rxa8 Bxa8 22. Qa4 Bc6 23. Qc4 h6 24. Nd2 Nb7 25. f3 Nd6 26. Qb3 Qa7 27. Kf2 Qb7
28. Nc4 Nxc4 29. Qxc4 Qd7 30. Qa6 Bb5 31. Qxb6 Qd3 32. Ng3 h5 33. h4 Qc2+ 34.
Kg1 Qxb2 35. Qxc5 Bd3 36. Qb4 Qa1+ 37. Kh2 Bf6 38. Qd6 Bxh4 39. Qxd3 Qe1 40.
Nh1 Bf6 41. Bf2 Qc1 42. c4 Bg5 43. Qd5 Bf4+ 44. g3 1-0

[Event "New Zealand Rapid Championship"]
[Site "Palmerston North"]
[Date "2024.01.12"]
[Round "6.7"]
[White "Loke, Kayden"]
[Black "Smith, Robert W"]
[Result "0-1"]
[WhiteElo "1729"]
[BlackElo "2132"]

1. d4 Nf6 2. Bg5 c5 3. e3 e6 4. c3 d5 5. Nd2 Nbd7 6. Ngf3 Bd6 7. Bb5 O-O 8.
Bxd7 Bxd7 9. dxc5 Bxc5 10. Ne5 Be7 11. Nxd7 Qxd7 12. e4 h6 13. Bxf6 Bxf6 14.
exd5 Qxd5 15. Qf3 Qb5 16. O-O-O a5 17. Ne4 Be7 18. Nd6 Qg5+ 19. Kb1 a4 20. a3
Ra6 21. Nxb7 Rb6 22. Ka1 Qb5 23. Rd2 Rxb7 24. h4 Qb3 25. g4 Rd8 26. Rxd8+ Bxd8
27. Rb1 Bxh4 28. Qe2 Be7 29. f4 Bxa3 30. f5 exf5 31. gxf5 Bf8 32. f6 g6 33. Rg1
a3 34. Rg2 axb2+ 35. Qxb2 Qa4+ 36. Qa2 Qd1+ 37. Qb1 Qxb1# 0-1

[Event "New Zealand Rapid Championship"]
[Site "Palmerston North"]
[Date "2024.01.12"]
[Round "6.8"]
[White "Timergazi, Layla"]
[Black "McDougall, Euan"]
[Result "1-0"]
[WhiteElo "1969"]
[BlackElo "1685"]

1. d4 c5 2. d5 Nf6 3. c4 g6 4. Nc3 Bg7 5. e4 d6 6. Nf3 Nbd7 7. h3 h5 8. Bd3 Nb6
9. Be3 Nfd7 10. Qd2 Ne5 11. Nxe5 Bxe5 12. O-O Bg7 13. f4 Qc7 14. e5 dxe5 15.
Nb5 Qb8 16. Bxc5 Bd7 17. Qb4 Bxb5 18. Qxb5+ Nd7 19. f5 a6 20. Qb4 Nxc5 21. Qxc5
g5 22. Bc2 Qa7 23. Qxa7 Rxa7 24. Ba4+ Kd8 25. Rfe1 Kc7 26. c5 Rd8 27. Rad1 b5
28. Bb3 f6 29. Re2 Kb8 30. Red2 Rad7 31. d6 exd6 32. Be6 Rc7 33. Rxd6 Re8 34.
Rd7 Re7 35. c6 g4 36. hxg4 hxg4 37. Rd8+ Ka7 38. R1d7 Kb6 39. Rxe7 Rxe7 40. Bd7
Bh6 41. Rb8+ Kc7 42. Rb7+ Kd6 43. Kf2 Bd2 44. Ke2 Ba5 45. Rb8 Bc7 46. Rf8 Kc5
47. Rxf6 e4 48. Re6 Rf7 49. Rxe4 Kb6 50. Rxg4 Re7+ 51. Kd2 Re5 52. f6 Rd5+ 53.
Ke2 Re5+ 54. Kd3 Rd5+ 55. Rd4 Rh5 56. f7 Rh8 57. Be8 Kc5 58. b4+ Kb6 59. Rd7
Be5 60. Rd5 Bc7 61. Rd7 Be5 62. Rb7# 1-0

[Event "New Zealand Rapid Championship"]
[Site "Palmerston North"]
[Date "2024.01.12"]
[Round "6.9"]
[White "Archer, Ollie"]
[Black "Charles, Dion"]
[Result "1-0"]
[WhiteElo "1926"]
[BlackElo "1710"]

1. d4 d5 2. c4 e6 3. Nc3 Nf6 4. cxd5 exd5 5. Bg5 Be7 6. e3 O-O 7. Bd3 c6 8. Qc2
g6 9. Nge2 Na6 10. a3 Nc7 11. O-O Ne6 12. Bh4 Ng7 13. f3 Re8 14. Rae1 Bf5 15.
e4 dxe4 16. fxe4 Nxe4 17. Bxe7 Rxe7 18. Bxe4 Qd6 19. Kh1 Rae8 20. Ng3 Bg4 21.
Qf2 Ne6 22. h3 Qd8 1-0

[Event "New Zealand Rapid Championship"]
[Site "Palmerston North"]
[Date "2024.01.12"]
[Round "6.10"]
[White "Zhang, Kendrick Botong"]
[Black "Wang, Justin Zhide"]
[Result "1-0"]
[WhiteElo "1808"]
[BlackElo "1621"]

1. e4 e6 2. d4 d5 3. Nc3 Nf6 4. e5 Nfd7 5. f4 c5 6. Nf3 Nc6 7. Be3 a6 8. Qd2 b5
9. a3 Qb6 10. Ne2 cxd4 11. Nexd4 Nxd4 12. Bxd4 Bc5 13. c3 Bb7 14. Bd3 Bxd4 15.
Nxd4 Nc5 16. Bc2 a5 17. O-O Ba6 18. f5 b4 19. Rf2 b3 20. Bb1 O-O-O 21. Qg5 g6
22. f6 h6 23. Qe3 Kb7 24. Rd2 a4 25. Nf3 Qb5 26. Rd1 Qb6 27. Rd4 Qb5 28. Rb4
1-0

[Event "New Zealand Rapid Championship"]
[Site "Palmerston North"]
[Date "2024.01.12"]
[Round "7.1"]
[White "Jones, Gawain C B"]
[Black "Croad, Nicolas"]
[Result "1-0"]
[WhiteElo "2630"]
[BlackElo "2187"]

1. Nf3 d5 2. c4 e6 3. g3 Nf6 4. Bg2 Be7 5. O-O O-O 6. b3 a5 7. Nc3 c6 8. d4
Nbd7 9. Qd3 b6 10. e4 Ba6 11. Rd1 a4 12. e5 Ne8 13. Nxa4 Bxc4 14. bxc4 Rxa4 15.
cxd5 cxd5 16. h4 h6 17. Bf4 Qa8 18. Qd2 Bb4 19. Qc2 Nb8 20. Bf1 Ra7 21. Qb2 Be7
22. Bd3 Nc6 23. Bb1 Na5 24. Qc2 f5 25. exf6 Nxf6 26. Bxh6 Ne4 27. Bf4 Rxf4 28.
gxf4 Qf8 29. Nd2 Qxf4 30. Nxe4 Bxh4 31. Ng3 Bxg3 32. Qh7+ Kf8 33. Qh8+ Kf7 34.
Qh5+ Ke7 35. fxg3 Qxg3+ 36. Kh1 Kd8 37. Rg1 Qc3 38. Qh8+ Kc7 39. Rxg7+ Kc6 1-0

[Event "New Zealand Rapid Championship"]
[Site "Palmerston North"]
[Date "2024.01.12"]
[Round "7.2"]
[White "Young, Cohen"]
[Black "Dive, Russell J"]
[Result "0-1"]
[WhiteElo "1885"]
[BlackElo "2236"]

1. e4 Nf6 2. e5 Nd5 3. d4 d6 4. Nf3 Nb6 5. Bd3 Nc6 6. exd6 cxd6 7. O-O g6 8. h3
Bg7 9. c3 O-O 10. Re1 e5 11. dxe5 dxe5 12. Be3 Nd5 13. Bg5 f6 14. Bc4 Be6 15.
Bd2 Kh8 16. Na3 Bg8 17. Nc2 Nxc3 18. Bxc3 Bxc4 19. Ne3 Bg8 20. Qe2 Qb6 21. Rad1
Rfd8 22. a3 a5 23. h4 h5 24. Rxd8 Rxd8 25. Rd1 Nd4 26. Bxd4 exd4 27. Nc2 Qxb2
28. Nfxd4 f5 29. Nf3 Rxd1+ 30. Qxd1 b5 31. Ng5 b4 32. axb4 axb4 33. Qd8 Qc1+
34. Kh2 Qf4+ 35. g3 Qxf2+ 36. Kh3 Qf1+ 37. Kh2 Qc4 38. Nxb4 Be5 39. Nf3 Qe2+
40. Kh3 Qxf3 41. Qd3 Qxd3 42. Nxd3 Bd6 43. Kg2 Bd5+ 44. Kf2 Kg7 45. Nc1 Kf6 46.
Ne2 Bc5+ 47. Ke1 Be3 48. Nc3 Ke5 49. Ke2 Bd4 50. Nd1 Be4 51. Kf1 f4 52. gxf4+
Kxf4 53. Ke1 Kg4 54. Ke2 Kxh4 0-1

[Event "New Zealand Rapid Championship"]
[Site "Palmerston North"]
[Date "2024.01.12"]
[Round "7.3"]
[White "Hart, Ralph"]
[Black "Liu, William Rui"]
[Result "1/2-1/2"]
[WhiteElo "2154"]
[BlackElo "1910"]

1. e4 c5 2. Nc3 Nc6 3. Bb5 g6 4. Bxc6 dxc6 5. d3 Bg7 6. Be3 b6 7. Qd2 e5 8. f4
exf4 9. Bxf4 Nf6 10. Nf3 O-O 11. Bh6 Nd7 12. Bxg7 Kxg7 13. O-O Qe7 14. Qf4 Re8
15. Rae1 f6 16. Re2 Ne5 17. Nxe5 Qxe5 18. h3 Be6 19. Ref2 Rf8 20. Qxe5 fxe5 21.
Rxf8 Rxf8 22. Rxf8 Kxf8 23. h4 Kf7 24. Kf2 Kf6 25. Kf3 g5 26. Kg3 c4 27. a3
cxd3 28. cxd3 Bb3 29. hxg5+ Kxg5 30. Kf3 Kh4 31. Ne2 Bd1 32. Ke3 Bxe2 33. Kxe2
Kg4 34. Kf2 c5 35. a4 h6 36. g3 h5 37. Kg2 a6 38. b3 a5 39. Kf2 h4 40. gxh4
Kxh4 41. Kg2 Kg4 42. Kf2 Kf4 43. Ke2 Kg4 44. Kf2 Kf4 45. Ke2 Kg4 1/2-1/2

[Event "New Zealand Rapid Championship"]
[Site "Palmerston North"]
[Date "2024.01.12"]
[Round "7.4"]
[White "Zhang, Kendrick Botong"]
[Black "Fruebing, Stefan"]
[Result "1-0"]
[WhiteElo "1808"]
[BlackElo "2410"]

1. e4 e5 2. Nf3 Nc6 3. d4 exd4 4. Nxd4 Nf6 5. Nxc6 bxc6 6. e5 Qe7 7. Qe2 Nd5 8.
c4 Nb6 9. Nc3 Qe6 10. f4 d5 11. exd6 cxd6 12. b3 d5 13. cxd5 cxd5 14. Bb2 Bd6
15. g3 O-O 16. Qxe6 Bxe6 17. O-O-O Rac8 18. Kb1 Bg4 19. Be2 Bxe2 20. Nxe2 Rfe8
21. Nd4 Re4 22. Nb5 Bc5 23. Nc3 Rd4 24. Rxd4 Bxd4 25. Nxd5 Bxb2 26. Ne7+ 1-0

[Event "New Zealand Rapid Championship"]
[Site "Palmerston North"]
[Date "2024.01.12"]
[Round "7.5"]
[White "Steadman, Michael V R"]
[Black "Lee, Miles"]
[Result "0-1"]
[WhiteElo "2045"]
[BlackElo "1938"]

1. b4 c6 2. Bb2 a5 3. bxa5 Qxa5 4. Nf3 d6 5. g3 e5 6. Bg2 Nf6 7. O-O Be7 8. d3
O-O 9. Nbd2 h6 10. c4 Nbd7 11. Nb3 Qa7 12. a4 Re8 13. Qc2 Nc5 14. Nxc5 Qxc5 15.
Ba3 Qa5 16. Bb2 Bd8 17. c5 e4 18. dxe4 Nxe4 19. cxd6 Nxd6 20. Rfd1 Bf5 21. Qc1
Ne4 22. Nd4 Bb6 23. e3 Bg6 24. f3 Ng5 25. Bc3 Qa7 26. Kh1 Ne6 27. Nxe6 Rxe6 28.
Qb2 Bxe3 29. Bxg7 Qb6 30. Qxb6 Bxb6 31. Bxh6 Bc2 32. Rd2 Rxa4 33. Rc1 Bb3 34.
Bg5 f6 35. Bf4 Be3 36. Rd8+ Kf7 37. Bxe3 Rxe3 38. h4 Ra2 39. Rd7+ Kg6 40. Kg1
Bd5 41. Rf1 Ree2 42. Bh1 b5 43. Rb1 b4 0-1

[Event "New Zealand Rapid Championship"]
[Site "Palmerston North"]
[Date "2024.01.12"]
[Round "7.6"]
[White "Smith, Robert W"]
[Black "Winsley, Nicholas"]
[Result "1/2-1/2"]
[WhiteElo "2132"]
[BlackElo "1899"]

1. e4 c6 2. d3 d5 3. Nd2 dxe4 4. dxe4 Nd7 5. Ngf3 e5 6. Bc4 h6 7. O-O Ngf6 8.
Re1 Qc7 9. a4 a5 10. Qe2 Be7 11. Nf1 O-O 12. Ng3 Nc5 13. Nh4 Bd7 14. Nhf5 Bxf5
15. Nxf5 Ncxe4 16. f3 Bc5+ 17. Be3 Bxe3+ 18. Qxe3 Nd6 19. Nxd6 Qxd6 20. Qxe5
Rad8 21. Qxd6 Rxd6 22. Re7 Rd2 23. Bb3 Nd5 24. Rxb7 Re8 25. Bc4 Rxc2 26. b3 Re3
27. Rd1 Rb2 28. h4 Rc3 29. Rb8+ Kh7 30. Bd3+ g6 31. h5 Rbxb3 32. hxg6+ fxg6 33.
Rxb3 Rxb3 34. Bc4 Rb4 35. Bxd5 cxd5 36. Rxd5 Rxa4 37. Rd7+ Kg8 38. Ra7 Ra2 39.
Kh2 a4 40. Kh3 h5 41. g3 g5 42. Ra5 g4+ 43. fxg4 hxg4+ 44. Kxg4 a3 45. Ra7 Ra1
46. Kg5 a2 47. g4 Kf8 48. Kg6 Ke8 49. g5 Kf8 50. Rf7+ Ke8 51. Rf2 Ke7 52. Kg7
Rg1 53. Re2+ Kd6 54. Rxa2 Rxg5+ 55. Kf6 Rc5 56. Rd2+ Rd5 57. Rxd5+ Kxd5 1/2-1/2

[Event "New Zealand Rapid Championship"]
[Site "Palmerston North"]
[Date "2024.01.12"]
[Round "7.7"]
[White "Zhu, David Junyang"]
[Black "Timergazi, Layla"]
[Result "0-1"]
[WhiteElo "1602"]
[BlackElo "1969"]

1. e4 c6 2. d4 d5 3. Nc3 dxe4 4. Nxe4 Nf6 5. Nxf6+ exf6 6. c3 Bd6 7. Bd3 O-O 8.
Qc2 g6 9. Ne2 Na6 10. O-O Nc7 11. Bf4 Nd5 12. Bxd6 Qxd6 13. Ng3 f5 14. Rfe1 Qf6
15. Nf1 Nf4 16. Ne3 Be6 17. g3 Nh3+ 18. Kg2 f4 19. Nf5 f3+ 20. Kxh3 gxf5 21. g4
f4 22. Rxe6 Qxe6 23. Bxh7+ Kg7 24. Qf5 Rh8 0-1

[Event "New Zealand Rapid Championship"]
[Site "Palmerston North"]
[Date "2024.01.12"]
[Round "7.8"]
[White "Chapman, Matt"]
[Black "Archer, Ollie"]
[Result "1-0"]
[WhiteElo "1890"]
[BlackElo "1926"]

1. d4 d5 2. Bf4 Nf6 3. e3 c5 4. Nf3 Nc6 5. Nbd2 cxd4 6. exd4 Bg4 7. c3 e6 8.
Qb3 Qc8 9. Bd3 Be7 10. O-O O-O 11. Rfe1 Bh5 12. a4 Bg6 13. Bxg6 hxg6 14. h3 a6
15. Ne5 Nxe5 16. Bxe5 Nd7 17. Bg3 Qc6 18. Nf3 b5 19. axb5 axb5 20. Ne5 Nxe5 21.
Bxe5 Qc4 22. Qxc4 bxc4 23. Kf1 f6 24. Bg3 Kf7 25. Ke2 g5 26. Kd2 Rfd8 27. Kc2
Bd6 28. Rxa8 1-0

[Event "New Zealand Rapid Championship"]
[Site "Palmerston North"]
[Date "2024.01.12"]
[Round "7.9"]
[White "Ker, Anthony F"]
[Black "Thurner, Anya"]
[Result "1-0"]
[WhiteElo "2250"]
[BlackElo "1600"]

1. e4 e5 2. d4 exd4 3. Nf3 Nc6 4. Bc4 Nf6 5. e5 d5 6. Bb5 Ne4 7. Nxd4 Bd7 8.
Bxc6 bxc6 9. O-O Bc5 10. f3 Ng5 11. f4 Ne4 12. Be3 Bb6 13. Nd2 Nxd2 14. Qxd2
O-O 15. Nb3 Qe7 16. Rae1 Rad8 17. Qc3 Rfe8 18. Bc5 Bxc5+ 19. Nxc5 Rb8 20. f5
Rb5 21. b4 a5 22. a3 axb4 23. axb4 Reb8 24. f6 Qd8 25. Qg3 g6 26. Qh4 Bc8 27.
e6 Bxe6 28. Nxe6 fxe6 29. f7+ Kf8 30. Qxh7 Qc8 31. Qh8+ Ke7 32. Qf6+ Kf8 33.
Rxe6 1-0

[Event "New Zealand Rapid Championship"]
[Site "Palmerston North"]
[Date "2024.01.12"]
[Round "7.10"]
[White "Sole, Michael D"]
[Black "Tao, Junqing Jerome"]
[Result "1-0"]
[WhiteElo "1908"]
[BlackElo "1471"]

1. d4 d5 2. c4 c6 3. cxd5 cxd5 4. Bf4 Nc6 5. Nc3 Nf6 6. e3 e6 7. Bd3 Bd6 8.
Bxd6 Qxd6 9. f4 O-O 10. Nf3 Re8 11. Ne5 Nd7 12. Bxh7+ Kf8 13. Qh5 Ndxe5 14.
fxe5 Qc7 15. O-O Nd8 16. Nb5 Qd7 17. Nd6 Ke7 18. Nxf7 Nxf7 19. Rxf7+ Kd8 20.
Rxd7+ Bxd7 21. Rc1 Bc6 22. Bg6 Rf8 23. Qg5+ Kd7 24. Bd3 Rf7 25. Rf1 Raf8 26.
Rxf7+ Rxf7 27. h4 Kc7 28. Bg6 Rd7 29. Be8 Rd8 30. Qe7+ Kc8 31. Bxc6 bxc6 32.
Qxe6+ Kc7 33. Qe7+ Rd7 34. Qc5 Kb7 35. e6 Rd8 36. Qe7+ Kc8 37. Qxa7 c5 38.
Qxc5+ Kb8 39. e7 Re8 40. Qb5+ Kc7 41. Qxe8 g5 42. h5 g4 43. Qd8+ Kb7 44. e8=Q
g3 45. Qee7+ Kc6 46. Qc5+ Kb7 47. Qdb6+ Ka8 48. Qa3# 1-0

[Event "New Zealand Rapid Championship"]
[Site "Palmerston North"]
[Date "2024.01.12"]
[Round "8.1"]
[White "Hart, Ralph"]
[Black "Jones, Gawain C B"]
[Result "0-1"]
[WhiteElo "2154"]
[BlackElo "2630"]

1. e4 e5 2. Nc3 Nf6 3. Nf3 Nc6 4. Bb5 Bc5 5. Nxe5 Nxe5 6. d4 Bd6 7. f4 Nc6 8.
e5 Bb4 9. exf6 Qxf6 10. Be3 d5 11. O-O Bxc3 12. bxc3 Bf5 13. Bd3 O-O-O 14. Qh5
Ne7 15. Rae1 g6 16. Qf3 h5 17. c4 Bxd3 18. cxd3 Nf5 19. c5 Rhe8 20. Bf2 Nxd4
21. Qh3+ Nf5 22. Re5 Re7 23. Re6 Rxe6 24. Be3 Re5 25. Bd4 Re3 26. Bxe3 d4 27.
Bf2 Qc6 28. Rc1 Rd5 29. Qf3 Rxc5 30. Rxc5 Qxc5 31. Qe4 Qc1+ 32. Be1 Qe3+ 33.
Kf1 c5 34. Ba5 Qxe4 35. dxe4 Nd6 0-1

[Event "New Zealand Rapid Championship"]
[Site "Palmerston North"]
[Date "2024.01.12"]
[Round "8.2"]
[White "Timergazi, Layla"]
[Black "Dive, Russell J"]
[Result "1/2-1/2"]
[WhiteElo "1969"]
[BlackElo "2236"]

1. d4 Nf6 2. c4 e6 3. Nc3 Bb4 4. g3 O-O 5. Bg2 d5 6. Nf3 dxc4 7. a3 Be7 8. Ne5
c5 9. dxc5 Qxd1+ 10. Nxd1 Bxc5 11. O-O Rd8 12. Nc3 Be7 13. Bg5 h6 14. Bxf6 Bxf6
15. Rfd1 Rxd1+ 16. Rxd1 Nc6 17. Nxc4 Rb8 18. Ne4 Be7 19. Ned6 Kf8 20. b4 Nd8
21. Ne5 Bxd6 22. Rxd6 Ke7 23. Rd2 f6 24. Ng6+ Ke8 25. Nf8 Nf7 26. Ng6 Bd7 27.
Rc2 Rc8 28. Rxc8+ Bxc8 29. Nf4 Nd6 30. Nd3 b6 31. Kf1 Ba6 32. Nb2 Kd7 33. Ke1
Bb5 34. Kd2 Nc4+ 35. Nxc4 Bxc4 36. e3 Kd6 37. Kc3 Bd5 38. Bf1 g5 39. Kd4 e5+
40. Kc3 f5 41. Ba6 Bg2 42. f4 gxf4 43. gxf4 Bf3 44. Kd2 exf4 45. exf4 Be4 46.
Ke3 Bc2 47. Kd4 Be4 48. Bc8 Bc2 49. Ba6 1/2-1/2

[Event "New Zealand Rapid Championship"]
[Site "Palmerston North"]
[Date "2024.01.12"]
[Round "8.3"]
[White "Liu, William Rui"]
[Black "Zhang, Kendrick Botong"]
[Result "1-0"]
[WhiteElo "1910"]
[BlackElo "1808"]

1. e4 c5 2. Nf3 e6 3. d4 cxd4 4. Nxd4 Nc6 5. Nc3 Qc7 6. Be2 a6 7. O-O Nf6 8.
Be3 Bb4 9. Na4 Be7 10. Nc3 O-O 11. f3 b5 12. a3 Bb7 13. Qd2 Rfd8 14. Nxc6 Bxc6
15. Bf4 Qb6+ 16. Be3 Bc5 17. Bxc5 Qxc5+ 18. Kh1 d5 19. exd5 Nxd5 20. Nxd5 Bxd5
21. Bd3 Bc4 22. Qc3 Rac8 23. Bxc4 Qxc4 24. Qxc4 Rxc4 25. c3 Rc5 26. Rfd1 Rcd5
27. Rxd5 Rxd5 28. h3 Kf8 29. a4 Rd2 30. b4 Ke7 31. Kh2 f6 32. axb5 axb5 33. Kg3
h5 34. Ra5 Rd5 35. Ra8 Rg5+ 36. Kf2 Kd6 37. Rc8 Kd7 38. Rg8 h4 39. Rh8 Rd5 40.
Rxh4 Rd2+ 41. Kg3 Rc2 42. Rh7 Rxc3 43. Rxg7+ Kd6 44. h4 Rb3 45. h5 Rxb4 46. h6
Rb1 47. Rg4 Rc1 48. h7 Rc8 49. Rg8 1-0

[Event "New Zealand Rapid Championship"]
[Site "Palmerston North"]
[Date "2024.01.12"]
[Round "8.4"]
[White "Lee, Miles"]
[Black "Chapman, Matt"]
[Result "1-0"]
[WhiteElo "1938"]
[BlackElo "1890"]

1. c4 e5 2. d3 Nc6 3. g3 f5 4. Bg2 Nf6 5. a3 d5 6. cxd5 Nxd5 7. Nc3 Be6 8. Nf3
Be7 9. O-O O-O 10. Bd2 a5 11. Rc1 h6 12. Na4 Qe8 13. Nc5 Bxc5 14. Rxc5 b6 15.
Rc1 Rd8 16. Qc2 Nd4 17. Nxd4 exd4 18. Qc6 Rd6 19. Qxe8 Rxe8 20. b4 axb4 21.
axb4 c6 22. Rc2 Bd7 23. Bf3 g5 24. Rfc1 g4 25. Bxd5+ Rxd5 26. Bxh6 Ra8 27. Bf4
Ra4 28. Rb2 Rb5 29. Rcb1 c5 30. Bd2 Bc6 31. Kf1 Kf7 32. Ke1 Ra8 33. Kf1 Ra4 34.
bxc5 Rxb2 35. Rxb2 Ra1+ 36. Be1 bxc5 37. Rc2 Bg2+ 38. Kxg2 Rxe1 39. Rxc5 Rxe2
40. Rxf5+ Ke6 41. Rg5 Rd2 42. Rxg4 Rxd3 43. h4 Rd1 44. h5 d3 45. h6 d2 46. Rd4
Kf6 47. Kf3 Kg6 48. Rd6+ Kh7 49. Kg4 Ra1 50. Rxd2 Kxh6 51. Rd6+ Kg7 52. f4 Ra7
53. Kg5 Ra5+ 54. f5 Rb5 55. g4 Ra5 56. Rd7+ Kg8 57. Kg6 1-0

[Event "New Zealand Rapid Championship"]
[Site "Palmerston North"]
[Date "2024.01.12"]
[Round "8.5"]
[White "Ker, Anthony F"]
[Black "Young, Cohen"]
[Result "1-0"]
[WhiteElo "2250"]
[BlackElo "1885"]

1. e4 c5 2. Nc3 Nc6 3. Bb5 Nd4 4. Nf3 e6 5. O-O a6 6. Bd3 Nc6 7. b3 g6 8. Bb2
Bg7 9. Re1 d6 10. Na4 e5 11. Nc3 Be6 12. Bc4 b5 13. Bxe6 fxe6 14. Ne2 Nge7 15.
c3 O-O 16. d4 exd4 17. cxd4 d5 18. Qc2 c4 19. bxc4 bxc4 20. Ba3 h6 21. Rab1 Qd7
22. exd5 exd5 23. Ne5 Nxe5 24. dxe5 Rfe8 25. Nf4 g5 26. Nh5 Qe6 27. f4 Qg6 28.
Qd1 Rad8 29. Rb7 Nf5 30. g4 Qc6 31. Qb1 1-0

[Event "New Zealand Rapid Championship"]
[Site "Palmerston North"]
[Date "2024.01.12"]
[Round "8.6"]
[White "Croad, Nicolas"]
[Black "Van der Hoorn, Thomas"]
[Result "1-0"]
[WhiteElo "2187"]
[BlackElo "1825"]

1. e4 c5 2. Nf3 Nc6 3. Bb5 Nf6 4. Bxc6 dxc6 5. d3 Bg4 6. Nbd2 Qc7 7. h3 Bxf3 8.
Qxf3 g6 9. Nc4 Bg7 10. O-O O-O 11. Bf4 Qd8 12. a4 Nd7 13. c3 a5 14. Rfe1 b5 15.
Ne3 Ne5 16. Bxe5 Bxe5 17. Rad1 Qc7 18. axb5 cxb5 19. Nd5 Qa7 20. h4 h5 21. g4
hxg4 22. Qxg4 e6 23. Ne3 Qe7 24. f4 Bg7 25. e5 Rfd8 26. Re2 Kf8 27. h5 Ke8 28.
Rg2 Kd7 29. Nd5 f5 30. exf6 1-0

[Event "New Zealand Rapid Championship"]
[Site "Palmerston North"]
[Date "2024.01.12"]
[Round "8.7"]
[White "Hookings, Jonathon"]
[Black "Smith, Robert W"]
[Result "0-1"]
[WhiteElo "1278"]
[BlackElo "2132"]

1. d4 Nf6 2. Nc3 d5 3. Bf4 c6 4. e3 Bf5 5. Nf3 e6 6. Ne5 Nbd7 7. g4 Nxe5 8.
gxf5 Ned7 9. fxe6 fxe6 10. a3 Qe7 11. Qd2 e5 12. dxe5 Nxe5 13. O-O-O Ng6 14.
Bh3 Qf7 15. Bg3 Be7 16. Rhe1 O-O 17. e4 dxe4 18. Nxe4 Qa2 19. Nc3 Qa1+ 20. Nb1
Rad8 21. Qc3 Kh8 22. Be6 Nd5 23. Bxd5 Bg5+ 24. Rd2 Rxd5 25. Rd1 Rfd8 26. f4
Nxf4 0-1

[Event "New Zealand Rapid Championship"]
[Site "Palmerston North"]
[Date "2024.01.12"]
[Round "8.8"]
[White "Winsley, Nicholas"]
[Black "Sole, Michael D"]
[Result "0-1"]
[WhiteElo "1899"]
[BlackElo "1908"]

1. e4 e5 2. Nf3 Nc6 3. Bb5 a6 4. Ba4 Nf6 5. O-O d6 6. Re1 Bd7 7. c3 g6 8. d4
Bg7 9. Bg5 h6 10. Bh4 O-O 11. Nbd2 Qe8 12. Bc2 Nh5 13. Nf1 exd4 14. cxd4 Bg4
15. d5 Ne5 16. N1d2 Rb8 17. Rb1 Nf6 18. h3 Nxf3+ 19. Nxf3 Bxf3 20. Qxf3 Nd7 21.
Qb3 Nc5 22. Qb4 b6 23. f4 a5 24. Qd2 Qb5 25. Bf2 Rfe8 26. Bd4 Qc4 27. Bxg7 Kxg7
28. e5 dxe5 29. fxe5 Rbd8 30. Rbd1 c6 31. d6 Nd7 32. e6 Rxe6 33. Rxe6 Qxe6 34.
Re1 Qf6 35. Bb3 Nc5 36. Rf1 Nxb3 37. axb3 Qxd6 38. Qc2 Qd4+ 39. Kh1 Rd6 40. Qe2
Re6 0-1

[Event "New Zealand Rapid Championship"]
[Site "Palmerston North"]
[Date "2024.01.12"]
[Round "8.9"]
[White "Fruebing, Stefan"]
[Black "Coates, Alex"]
[Result "1-0"]
[WhiteElo "2410"]
[BlackElo "1569"]

1. e4 c6 2. d4 d5 3. e5 Bf5 4. Nf3 e6 5. Nbd2 Nd7 6. Nb3 a6 7. Be3 h5 8. a4 Rc8
9. Be2 c5 10. dxc5 Bxc5 11. Nxc5 Nxc5 12. Nd4 Bg6 13. O-O Nd7 14. f4 Ne7 15. c3
Nf5 16. Bf2 h4 17. Bd3 Bh5 18. Qc2 Nxd4 19. Bxd4 Nc5 20. f5 Qg5 21. Rae1 Nxd3
22. Qxd3 O-O 23. Be3 Qd8 24. f6 Bg6 25. Qd2 h3 26. Bh6 Qb6+ 27. Rf2 gxf6 28.
Bxf8 Kxf8 29. Qh6+ Ke8 30. Qxh3 fxe5 31. Qh8+ Kd7 32. Qxe5 Rc4 33. h3 Rxa4 34.
Re3 Ra2 35. b4 Ra1+ 36. Kh2 Qc6 37. h4 Qc4 38. Rf4 Qc7 39. Qxc7+ Kxc7 40. g4
Ra2+ 41. Kh3 e5 42. Rxe5 Kd6 43. Re3 Be4 44. Rxf7 Ke5 45. h5 Ra1 46. Kh4 1-0

[Event "New Zealand Rapid Championship"]
[Site "Palmerston North"]
[Date "2024.01.12"]
[Round "8.10"]
[White "Ning, Isabelle Yixuan"]
[Black "Steadman, Michael V R"]
[Result "0-1"]
[WhiteElo "1617"]
[BlackElo "2045"]

1. d4 g6 2. c4 Bg7 3. Nc3 d6 4. e4 Nd7 5. h3 e5 6. d5 Ne7 7. Be3 f5 8. exf5
Nxf5 9. Qd2 Nxe3 10. Qxe3 Nf6 11. Nf3 O-O 12. Be2 a6 13. O-O Nh5 14. Ng5 Nf4
15. Nge4 Bh6 16. Qg3 Bf5 17. Bg4 Kh8 18. Kh1 b5 19. cxb5 axb5 20. f3 b4 21. Nd1
Nxd5 22. Qe1 Qb8 23. Qh4 Kg7 24. Bxf5 gxf5 25. Ng5 Qe8 26. Qc4 c6 27. h4 Ra5
28. Re1 Rc5 29. Qa6 Bxg5 30. hxg5 Qh5+ 31. Kg1 Qxg5 32. Nf2 Nf4 33. Qf1 Rc2 34.
Rac1 Rxc1 35. Rxc1 Ne2+ 36. Qxe2 Qxc1+ 37. Kh2 Rf6 38. Nh3 Qc5 39. Qe1 Rg6 40.
Qh4 d5 41. Qd8 Qd6 42. Qh4 e4+ 43. f4 d4 44. Qf2 c5 45. Qc2 d3 46. Qa4 d2 47.
Qa7+ Kh6 48. Ng5 Rxg5 0-1